000 00599nam a2200265Ia 4500
005 20260306163514.0
008 008 260114s9999 xx 000 0 eng d
020 _a9780813043869
037 _aEBOOK
040 _aCRL
040 _beng
040 _cCRL
041 _2eng
041 _aeng
084 _qCRL
100 _aGitelman, Palfy
_91128769
245 0 _aOn Stage Alone
260 _bUniversity Press of Florida
260 _c2013
650 _aMusic
856 _uhttps://academic.oup.com/book/14146
942 _cEBOOK
999 _c1710371
_d1710371